00385nam a2200145Ia 4500003000400000005001700004008004100021020001800062040000900080082001700089100002200106245006700128260003500195300000900230OSt20200612123010.0190216s9999||||xx |||||||||||||| ||und|| a9788130903187 coclc a181.4bCHA/K aChatterjea, Tara  0aKnowledge And Freedom In Indian Philosophy /c Tara Chatterjea bViva Books,c2009.aNew Delhi: a159p